000 00367 a2200157 4500
001 72628
020 _a8586295159
040 _cAnchieta - Colégio São Paulo
100 _aGuedes, Hardy
240 1 0 _aTição, o Saci camisa doze
_lpor
245 1 0 _aTição, o Saci camisa doze
300 _a[24]
362 0 _a1999
650 4 _aLiteratura infantil
942 _cBK
999 _c72628
_d72628